Sự sai lệch chuẩn mực xã hội
Tallennettuna:
| Aineistotyyppi: | Kirja |
|---|---|
| Tagit: |
Lisää tagi
Ei tageja, Lisää ensimmäinen tagi!
|
| Thư viện lưu trữ: | Mạng thư viện Đại học Đà Nẵng |
|---|
| LEADER | 00551nam a2200193 4500 | ||
|---|---|---|---|
| 001 | 000006700 | ||
| 003 | 2859 | ||
| 005 | 20150812140850.0 | ||
| 008 | 110919s sd | ||
| 245 | 0 | 0 | |a Sự sai lệch chuẩn mực xã hội |c Người dịch: Đức Uy |
| 774 | |d H. |d Nxb Thông tin lý luận |d 1987 |g Tập 2 |h 220 tr |w 2860 | ||
| OWN | |a LSP | ||
| 999 | |a From the UDN01 | ||
| TYP | |a Monograph | ||
| TYP | |a Printed language | ||
| 980 | |a Mạng thư viện Đại học Đà Nẵng | ||